00390nam a2200145Ia 4500003000400000005001700004008004100021040001800062041000800080100003700088110001400125245004600139260002000185710003900205OSt20260306101559.0211028s2009 xx 000 0 und d cAIMIT LIBRARY aeng aKamath, Anitha; Ruban.g60471406 aS, Ruban. aBiling and accounting management system / aMangalorec2009 aOffice of Superintendent of Police